00959nam a22001937a 4500008004000000020001500040050002100055245012900076260004300205300001900248440007800267500007500345504005000420650003400470700004500504942001300549999001700562952018600579130926t sp||||| |||| 00| 0 spa d a847509839804aHV6626bA83 199203aLa Atención al niño maltratado :bPolítica pública y práctica profesional cOlive Stevenson (comp.)....[ et al. ]. aBarcelona, Espána :bPaidós,c1992 a231 p.c22 cm. 0aBiblioteca de psiquiatría, psicopatología y psicosomática.nNo. 121 aTraducción de : Child abuse. Professional practice and public policy aIncluye bibliografía e índicebp. 213-224 4aAbuso infantilxPsiquiatría1 aStevenson, Olive, (comp.)....[ et al. ]. 2ddccLIB c42167d42167 102lcc4070aLIC-047bLIC-047cGENERALd2013-09-26eRec. prop.hBFP000005431iCiencias de la saludkCiencias de la saludoHV6626 A83 1992pBFP000005431r2013-09-26 00:00:00t1yLIB